flagi najmniejszych panstw w europie - Statystyki

Ogólne statystyki
  • Ten quiz został rozwiązany 32 razy
  • Średni wynik to 7 z 7
Statystyki odpowiedzi
Obrazkowy Odpowiedź % Poprawnych
Liechtenstein
100%
Luksemburg
100%
Monako
100%
San marino
100%
Watykan
100%
Kosowo
96%
Andora
89%
Nie znaleziono quizów pasujących do podanych kryteriów
Rozkład punktacji
Procent ludzi z każdym wynikiem
Percentyl według liczby udzielonych odpowiedzi
Twoja historia wyników
Nie rozwiązałeś tego quizu